| 000 | 00941nas a2200313 4500 | ||
|---|---|---|---|
| 001 | BR2010002296 | ||
| 003 | BR-BrBNA | ||
| 005 | 20231205114225.0 | ||
| 007 | ta | ||
| 008 | 230509b bl.|||p| |||| 00| 00por d | ||
| 040 |
_aBR-BrBNA _bpor _cBiblioteca Nacional de Agricultura |
||
| 041 | _a(En) | ||
| 072 | _aF30; H20 | ||
| 100 | 1 | _aYamada, M.M. | |
| 100 | 1 | _aFaleiro, F.G. | |
| 100 | 1 | _aLopes, U.V. | |
| 100 | 1 | _aFlores, A.B. | |
| 100 | 1 | _aPires, J.L. | |
| 100 | 1 | _aMelo, G.R.P. | |
| 245 | 1 | _aGenetic divergence in cocoa progenies for backcrossing program to witches' broom disease resistance | |
| 650 | _aCACAU | ||
| 650 | _aCRUZAMENTO VEGETAL | ||
| 650 | _aVARIEDADE RESISTENTE | ||
| 650 | _aVASSOURA-DE-BRUXA | ||
| 650 | _aMARCADOR GENÉTICO | ||
| 773 | 0 |
_tRevista Ceres (Brazil) _xISSN 0034-737X _g(Jan-Feb 2010), v. 57(1) p. 73-78 _wBR2010002296 |
|
| 909 |
_a202311 _bLúcia _c55 _dLúcia Elande |
||
| 942 |
_2AGRIS _n0 _cANA |
||
| 999 |
_c207686 _d207686 |
||